00624nam a2200205Ia 4500003000900000008004100009020001800050040001600068080001900084100002000103245006900123260003800192300001300230490006000243650001900303650002600322650002900348650002100377700002000398IN-BaIIA211028s9999 xx 000 0 eng d a0-417-65719-0 cIIA Library a519.246.8bOTN aOtnes, Robert K 0aDigital time series analysiscRobert K. Otens and Loren Enochson aNew YorkbJohn Wiley & Sonsc1972 ax, 467p. aWiley Series in Probability and Mathematical Statistics a Statistics  a Stochastic procsses a Time series analysis  aNASA thesaurus  aEnochson, Loren